000
00301nam a22001337a 4500
008
170602b xxu||||| |||| 00| 0 eng d
020
_a
9781563680182
041
_a
eng
080
_a
94
100
_a
18
101
_a
SHH
245
_a
THE HISTORY OF SPECIAL EDUCATION
_c
WINZER,M.A
942
_2
udc
_c
BK
999
_c
15835
_d
15835